The Supreme Court : (Record no. 39715)
[ view plain ]
| 000 -LEADER | |
|---|---|
| fixed length control field | 00915pam a2200253 a 4500 |
| 001 - CONTROL NUMBER | |
| control field | 3102998 |
| 005 - DATE AND TIME OF LATEST TRANSACTION | |
| control field | 20180104070709.0 |
| 008 - FIXED-LENGTH DATA ELEMENTS--GENERAL INFORMATION | |
| fixed length control field | 990225s1999 nyua be 001 0 eng |
| 010 ## - LIBRARY OF CONGRESS CONTROL NUMBER | |
| LC control number | 99022507 |
| 020 ## - INTERNATIONAL STANDARD BOOK NUMBER | |
| International Standard Book Number | 0028653696 (hardcover : alk. paper) |
| 035 ## - SYSTEM CONTROL NUMBER | |
| System control number | (DLC) 99022507 |
| 040 ## - CATALOGING SOURCE | |
| Original cataloging agency | DLC |
| Transcribing agency | DLC |
| Modifying agency | DLC |
| 041 ## - LANGUAGE CODE | |
| Language code of text/sound track or separate title | eng |
| 043 ## - GEOGRAPHIC AREA CODE | |
| Geographic area code | n-us--- |
| 080 ## - UNIVERSAL DECIMAL CLASSIFICATION NUMBER | |
| Universal Decimal Classification number | 347.7326 WEI |
| 082 00 - DEWEY DECIMAL CLASSIFICATION NUMBER | |
| Classification number | 347.7326 WEI |
| Edition number | 21 |
| 100 ## - Rafti | |
| Rafti | 14 |
| 101 ## - Shkurtesa | |
| Shkurtesa | JUR |
| 245 14 - TITLE STATEMENT | |
| Title | The Supreme Court : |
| Statement of responsibility, etc | Philip Weinberg, editor in chief. |
| 504 ## - BIBLIOGRAPHY, ETC. NOTE | |
| Bibliography, etc | Includes bibliographical references and indexes. |
| 906 ## - LOCAL DATA ELEMENT F, LDF (RLIN) | |
| a | 7 |
| b | cbc |
| c | orignew |
| d | 1 |
| e | ocip |
| f | 19 |
| g | y-gencatlg |
| 942 ## - ADDED ENTRY ELEMENTS (KOHA) | |
| Source of classification or shelving scheme | |
| Item type | Books |
No items available.